| 000 | 00411nam a2200157Ia 4500 | ||
|---|---|---|---|
| 003 | OSt | ||
| 005 | 20230602135410.0 | ||
| 008 | 211028s2011 xx 000 0 und d | ||
| 040 | _cAIMIT LIBRARY | ||
| 041 | _aeng | ||
| 100 |
_aArchana, P K; Lasrado, Suman. _98260 _e091904 |
||
| 110 |
_aSuman Lasrado _98261 |
||
| 245 | _aService catalogue management system. | ||
| 260 |
_aMangalore _c2011 |
||
| 942 |
_2ddc _cPRO |
||
| 999 |
_c219799 _d219799 |
||